[Event "TUR-chT2"]
[Site "Konya"]
[Date "2018.07.15"]
[Round "9.21"]
[White "Ay, Riza Enes"]
[Black "Demirez, Inanc"]
[Result "0-1"]
[WhiteElo "1362"]
[BlackElo "1515"]
[PlyCount "24"]
[EventDate "2018.07.10"]
[EventType "team-swiss"]
[EventRounds "9"]
[EventCountry "TUR"]
[SourceTitle "EXT 2019"]
[Source "ChessBase"]
[SourceDate "2018.10.10"]
[SourceVersion "1"]
[SourceVersionDate "2018.10.10"]
[SourceQuality "1"]
[WhiteTeam "Burdur Belediyesi"]
[BlackTeam "Polatli Belediyesi"]
[WhiteTeamCountry "TUR"]
[BlackTeamCountry "TUR"]

1. e4 c5 2. c3 e5 3. g3 Nf6 4. Bg2 d6 5. d3 Be6 6. f4 Nc6 7. Nf3 Be7 8. 0-0 exf4 9. Bxf4 d5 10. Ng5 0-0 11. exd5 Nxd5 12. Nxe6 fxe6 0-1

[Event "TUR-chT2"]
[Site "Konya"]
[Date "2018.07.14"]
[Round "8.16"]
[White "Demirez, Inanc"]
[Black "Kelemci, Mehmet Gorkem"]
[Result "1-0"]
[WhiteElo "1515"]
[BlackElo "1624"]
[PlyCount "53"]
[EventDate "2018.07.10"]
[EventType "team-swiss"]
[EventRounds "9"]
[EventCountry "TUR"]
[SourceTitle "EXT 2019"]
[Source "ChessBase"]
[SourceDate "2018.10.10"]
[SourceVersion "1"]
[SourceVersionDate "2018.10.10"]
[SourceQuality "1"]
[WhiteTeam "Polatli Belediyesi"]
[BlackTeam "Akcakoca Esentepe Okulu"]
[WhiteTeamCountry "TUR"]
[BlackTeamCountry "TUR"]

1. e4 c5 2. Nf3 e6 3. d4 cxd4 4. Nxd4 Qb6 5. Nb3 Qc7 6. Be3 Nf6 7. N1d2 Be7 8. Bd3 d6 9. 0-0 0-0 10. f4 Nbd7 11. Qf3 b6 12. Qh3 g6 13. Nd4 Nc5 14. f5 Nxd3 15. cxd3 e5 16. Rac1 Qd7 17. Nc6 Ne8 18. Nxe7+ Qxe7 19. Qh6 f6 20. fxg6 hxg6 21. Qxg6+ Qg7 22. Qh5 Qg4 23. Qh6 Rf7 24. h3 Qg7 25. Qh4 Qh7 26. Bh6 Rg7 27. Rxf6 1-0

[Event "TUR Cup										"]
[Site "Antalya"]
[Date "2018.02.01"]
[Round "9"]
[White "Bulut, Nazim"]
[Black "Demirez, Inanc"]
[Result "0-1"]
[WhiteElo "1504"]
[BlackElo "1534"]
[PlyCount "82"]
[EventDate "2018.01.27"]
[EventType "swiss"]
[EventRounds "11"]
[EventCountry "TUR"]
[SourceTitle "CBM 182 Extra"]
[Source "ChessBase"]
[SourceDate "2018.02.23"]
[SourceVersion "1"]
[SourceVersionDate "2018.02.23"]
[SourceQuality "1"]

1. e4 c5 2. Bc4 d6 3. a3 Nf6 4. Nc3 e6 5. d3 Be7 6. Nf3 a6 7. Ba2 Nc6 8. h3 b5 9. Ne2 a5 10. 0-0 b4 11. Bd2 Bb7 12. Ng3 0-0 13. Nh2 Qb6 14. Kh1 d5 15. Ng4 dxe4 16. dxe4 Rad8 17. Nxf6+ Bxf6 18. Qc1 bxa3 19. Rb1 axb2 20. Qe1 Ba6 21. Rg1 c4 22. Bc3 Bxc3 23. Qxc3 Qxf2 24. Rgf1 Qd4 25. Qf3 c3 26. Rfd1 Qe5 27. Nf1 a4 28. Nh2 Nb4 29. Ng4 Qc7 30. e5 Nxa2 31. Nf6+ Kh8 32. Qf4 Qc4 33. Qg5 Rxd1+ 34. Rxd1 Qe2 35. Rg1 Qxc2 36. Nd7 Rc8 37. Nc5 b1Q 38. Rxb1 Qxb1+ 39. Kh2 Qg6 40. Qe7 Bf1 41. g4 h5 0-1

[Event "TUR Cup										"]
[Site "Antalya"]
[Date "2018.01.30"]
[Round "5"]
[White "Saglamer, Aysen"]
[Black "Demirez, Inanc"]
[Result "1-0"]
[WhiteElo "1321"]
[BlackElo "1534"]
[PlyCount "53"]
[EventDate "2018.01.27"]
[EventType "swiss"]
[EventRounds "11"]
[EventCountry "TUR"]
[SourceTitle "CBM 182 Extra"]
[Source "ChessBase"]
[SourceDate "2018.02.23"]
[SourceVersion "1"]
[SourceVersionDate "2018.02.23"]
[SourceQuality "1"]

1. e4 c5 2. Nf3 d6 3. d4 cxd4 4. Nxd4 Nf6 5. Nc3 a6 6. Be2 e6 7. 0-0 Be7 8. Be3 b5 9. a3 Bb7 10. f3 Nbd7 11. Qe1 d5 12. exd5 Nxd5 13. Nxd5 Bxd5 14. Qg3 0-0 15. Kh1 Rc8 16. a4 f5 17. Qh3 Nc5 18. Rfd1 Qe8 19. axb5 axb5 20. Bxb5 Qf7 21. c4 Ba8 22. b4 Nb7 23. Bd7 Qf6 24. Bxe6+ Kh8 25. Bxc8 Rxc8 26. Nxf5 Bf8 27. Nxg7 1-0

[Event "TUR Cup										"]
[Site "Antalya"]
[Date "2018.01.29"]
[Round "4"]
[White "Demirez, Inanc"]
[Black "Kutlu, Turgut Can"]
[Result "1/2-1/2"]
[WhiteElo "1534"]
[BlackElo "1506"]
[PlyCount "60"]
[EventDate "2018.01.27"]
[EventType "swiss"]
[EventRounds "11"]
[EventCountry "TUR"]
[SourceTitle "CBM 182 Extra"]
[Source "ChessBase"]
[SourceDate "2018.02.23"]
[SourceVersion "1"]
[SourceVersionDate "2018.02.23"]
[SourceQuality "1"]

1. e4 c5 2. Nf3 Nc6 3. d4 cxd4 4. Nxd4 Nf6 5. Nc3 e5 6. Ndb5 d6 7. Bg5 a6 8. Na3 b5 9. Bxf6 gxf6 10. Nd5 f5 11. Bd3 f4 12. c3 Be6 13. Qe2 Bxd5 14. exd5 Ne7 15. Nxb5 Nxd5 16. Be4 axb5 17. Qxb5+ Qd7 18. Qxd5 Rb8 19. b4 Be7 20. a4 0-0 21. 0-0 Kh8 22. f3 f5 23. Bd3 h5 24. Rfe1 h4 25. h3 Rg8 26. Kh1 Bf6 27. Ra2 Rg5 28. b5 e4 29. fxe4 fxe4 30. Qxe4 Re5 1/2-1/2